Informe de resultados de la encuesta sobre percepción del voto electrónico

Gorde:
Xehetasun bibliografikoak
Erakunde egilea: Universidad de Costa Rica. Facultad de Ciencias Sociales. Instituto de Investigaciones Sociales
Formatua: Texto
Argitaratua: San José: UCR. FCS. IIS
Gaiak:
Etiketak: Etiketa erantsi
Etiketarik gabe, Izan zaitez lehena erregistro honi etiketa jartzen!

MARC

LEADER 00000 a a2200000 04500
001 29364
003
040 |a CRAI/IIS  |c CRAI/IIS 
090 |a 191000  
110 |a Universidad de Costa Rica. Facultad de Ciencias Sociales. Instituto de Investigaciones Sociales  
245 |a Informe de resultados de la encuesta sobre percepción del voto electrónico  
260 |a San José:   |b UCR. FCS. IIS  
300 |a 91 p   |b formularios  
650 |a COMPORTAMIENTO POLITICO  
650 |a ACTITUDES  
650 |a MUESTREO  
650 |a METODOLOGIA  
650 |a VOTACION  
999 |c 4379  |d 4379